00543nam a2200181Ia 4500003000900000008004100009020001800050040001600068080002500084245009700109260003500206300001300241650002000254650002100274650002100295700002500316700002000341IN-BaIIA211028s9999 xx 000 0 eng d a0-12-014537-5 cIIA Library a047.1:621.38bAEE-37 0aAdvances in electronics and electron physicsbvol. 37cedited by L. Marton and Claire Marton aNew YorkbAcademic Pressc1975 ax, 346p. a Electronics  a Electrophysics aNASA Thesaurus  aMarton, Clarie., ed. aMarton, L., ed.